| 000 | 00577cam a22001457a 4500 | ||
|---|---|---|---|
| 008 | 180718b2007 xxu||||| |||| 00| 0 eng d | ||
| 082 | _aAPPPA 2007-08 | ||
| 100 | _aSonpipare, D.V. | ||
| 245 |
_aQuality management system in ordnance factories: an appraisal with particular reference to O.F. Ambajhari, Nagpur _cby D.V. Sonpipare |
||
| 260 |
_aNew Delhi _bIndian Institute of Public Administration _c2007 |
||
| 300 | _a142p. | ||
| 500 | _aAn APPPA M.Phil dissertation, 2006-07 (Guide: Prof. R.K. Sachdeva) | ||
| 650 | _aOrdnance factories | ||
| 650 | _aQuality management system | ||
| 999 |
_c493489 _d493489 |
||